Longest Reigning Roman Emperors - Statistics

General Stats
  • This quiz has been taken 93 times
  • The average score is 8 of 11
Answer Stats
Reign Emperor % Correct
27 BC–14 AD Augustus
100%
54–68 Nero
91%
306–337 Constantine I
75%
117–138 Hadrian
75%
14–37 Tiberius
75%
41–54 Claudius
73%
98–117 Trajan
72%
177–192 Commodus
54%
138–161 Antoninus Pius
53%
222–235 Severus Alexander
49%
81–96 Domitian
46%
No matching quizzes found
Score Distribution
Percent of People with Each Score
Percentile by Number Answered
Your Score History
You have not taken this quiz